000 00228 a2200097 4500
001 18894
100 _aJeans J H
245 _aElementary treatise on theoretical Mechanics
260 _a
_bGinn & Co
_c1907
090 _c13983
_d13983
942 _aNUST-CAE
_cM
_c4428
999 _c253967
_d253967